Statistiques concernant Destinations KLM

Cliquez ici pour prendre le quiz!

Statistiques générales

  • Ce quiz a été pris 35 fois
  • Le résultat moyen est 79 sur 174

Statistiques - réponses

Ville% Correct
Paris
96%
Marseille
93%
Pékin
93%
Rio de Janeiro
93%
Tokyo
93%
Miami
89%
Milan Linate
89%
Milan Malpensa
89%
Bordeaux
86%
Budapest
86%
Buenos Aires
86%
Helsinki
86%
Munich
86%
New York City
86%
Nice
86%
Oslo
86%
Rome
86%
Stockholm
86%
Athènes
82%
Barcelone
82%
Berlin
82%
Boston
82%
Bruxelles
82%
Bucarest
82%
Dubaï
82%
Francfort-sur-le-Main
82%
Los Angeles
82%
Madrid
82%
Séoul
82%
Shanghai
82%
Toulouse
82%
Varsovie
82%
Istanbul
79%
Johannesburg
79%
Lyon
79%
Mexico
79%
Prague
79%
Toronto
79%
Vienne
79%
Washington
79%
Amsterdam
75%
Bangkok
75%
Bogotá
75%
Copenhague
75%
Dublin
75%
Genève
75%
Lima
75%
Manchester
75%
Montreal
75%
Naples
75%
São Paulo
75%
Turin
75%
Zurich
75%
Chicago
71%
Delhi
71%
Édimbourg
71%
Le Caire
71%
Lisbonne
71%
Mumbai
71%
Porto
71%
Venise
71%
Zagreb
71%
Le Cap
68%
Manille
68%
Osaka
68%
Tel Aviv
68%
Vancouver
68%
San Francisco
64%
Santiago
64%
Cancún
61%
Hong Kong
61%
Nantes
61%
Riyad
61%
Jakarta
57%
Kuala Lumpur
57%
La Havane
57%
Nairobi
57%
Singapour
57%
Atlanta
54%
Florence
54%
Glasgow
54%
Málaga
54%
Montpellier
54%
Houston
50%
Panama
50%
Split
50%
Belgrade
46%
Birmingham
46%
Dubrovnik
46%
Hambourg
46%
Stuttgart
46%
Belfast
43%
Bilbao
43%
Luxembourg
43%
Quito
43%
Accra
39%
Ibiza
39%
Lagos
39%
Las Vegas
39%
San José
39%
Cork
36%
Dar es Salaam
36%
Basel-Mulhouse-Freiburg
32%
Cardiff
32%
Düsseldorf
32%
Leeds-Bradford
32%
Mascate
32%
Alicante
29%
Koweït
29%
London City
29%
London Heathrow
29%
Austin
25%
Bristol
25%
Cagliari
25%
Calgary
25%
Tbilissi
25%
Brême
21%
Denpasar
21%
Gdańsk
21%
Manama
21%
Minneapolis-Saint Paul
21%
Nuremberg
21%
Bergen
18%
Catania
18%
Gothenburg
18%
Paramaribo
18%
Zanzibar
18%
Aberdeen
14%
Bangalore
14%
Bologna
14%
Kigali
14%
Krakow
14%
Rovaniemi
14%
Wrocław
14%
Billund
11%
Edmonton
11%
Graz
11%
Hanover
11%
Southampton
11%
Fortaleza
7%
Oranjestad
7%
Palma de Mallorca
7%
Philipsburg
7%
Phuket
7%
Port-d'Espagne
7%
Trondheim
7%
Aarhus
4%
Bridgetown
4%
Dresden
4%
Entebbe
4%
Kilimanjaro
4%
Kralendijk
4%
Liberia
4%
Poznań
4%
Salt Lake City
4%
Stavenger
4%
Willemstad
4%
Aalborg
0%
Ålesund
0%
Cartagena
0%
Dammam
0%
Guayaquil
0%
Inverness
0%
Katowice
0%
Kingston upon Hull
0%
Kristiansand
0%
Linköping
0%
Mombasa
0%
Newcastle upon Tyne
0%
Norwich
0%
Pays Valencien
0%
Sandefjord
0%
Teesside
0%
Verona
0%

Distribution des résultats

Percentile par nombre de réponses

% des personnes avec chaque résultat

Votre développement - résultats

Vous n’avez pas pris ce quiz